[Event "Sterlitamak Rochinskiy op"]
[Site "Sterlitamak"]
[Date "2012.06.22"]
[Round "1"]
[White "Kudojarov, Mars"]
[Black "Kulikov, Alexander O"]
[Result "1-0"]
[WhiteElo "1936"]
[BlackElo "1989"]
[PlyCount "43"]
[EventDate "2012.06.22"]
[EventType "swiss"]
[EventRounds "9"]
[EventCountry "RUS"]
[SourceTitle "EXT 2013"]
[Source "ChessBase"]
[SourceDate "2012.11.22"]
[SourceVersion "1"]
[SourceVersionDate "2012.11.22"]
[SourceQuality "1"]

1. c4 e6 2. Nc3 d5 3. d4 dxc4 4. e3 c6 5. Bxc4 Qa5 6. Nf3 Nd7 7. 0-0 b5 8. Bd3 Ba6 9. Bd2 b4 10. Bxa6 bxc3 11. Bb7 Rb8 12. Bxc6 cxd2 13. Nxd2 e5 14. Ne4 Qc7 15. Nc5 Rxb2 16. Bxd7+ Ke7 17. Rc1 Qb7 18. Qa4 Nh6 19. Bc6 Qc7 20. Qa3 Qd6 21. Qxb2 f6 22. Qb7+ 1-0

[Event "World Youth Stars 4th"]
[Site "Kirishi"]
[Date "2006.05.16"]
[Round "7"]
[White "Narayanan, Srinath"]
[Black "Kulikov, Alexander O"]
[Result "1-0"]
[WhiteElo "2170"]
[BlackElo "2038"]
[PlyCount "77"]
[EventDate "2006.05.09"]
[EventType "tourn"]
[EventRounds "11"]
[EventCountry "RUS"]
[EventCategory "4"]
[SourceTitle "CBM 112 Extra"]
[Source "ChessBase"]
[SourceDate "2006.07.14"]
[SourceVersion "1"]
[SourceVersionDate "2006.07.14"]
[SourceQuality "1"]

1. e4 Nc6 2. Nf3 d5 3. exd5 Qxd5 4. Nc3 Qa5 5. Bb5 Bd7 6. 0-0 a6 7. Ba4 e6 8. a3 Nf6 9. d4 Bd6 10. Bg5 0-0-0 11. d5 exd5 12. b4 Nxb4 13. axb4 Qxb4 14. Bxd7+ Rxd7 15. Bxf6 gxf6 16. Qd4 Qxd4 17. Nxd4 Be5 18. Rad1 b5 19. f4 Bxd4+ 20. Rxd4 Rhd8 21. Ra1 Kb7 22. Rad1 c5 23. Rxd5 Rxd5 24. Nxd5 Rd7 25. Kf2 Kc6 26. Nc3 Rxd1 27. Nxd1 a5 28. Ke3 a4 29. Kd2 b4 30. Kc1 Kb5 31. Ne3 c4 32. c3 a3 33. Nd5 b3 34. Nxf6 Kc5 35. Nxh7 Kd5 36. Nf6+ Ke6 37. Ne4 Kd5 38. Nd2 Kc5 39. h4 1-0

[Event "World Youth Stars 4th"]
[Site "Kirishi"]
[Date "2006.05.10"]
[Round "2"]
[White "Kulikov, Alexander O"]
[Black "Safarli, Eltaj"]
[Result "0-1"]
[WhiteElo "2038"]
[BlackElo "2417"]
[PlyCount "108"]
[EventDate "2006.05.09"]
[EventType "tourn"]
[EventRounds "11"]
[EventCountry "RUS"]
[EventCategory "4"]
[SourceTitle "CBM 112 Extra"]
[Source "ChessBase"]
[SourceDate "2006.07.14"]
[SourceVersion "1"]
[SourceVersionDate "2006.07.14"]
[SourceQuality "1"]

1. e4 c5 2. f4 e6 3. Nf3 a6 4. a4 d5 5. e5 Nc6 6. d3 Nge7 7. c3 Nf5 8. g3 h5 9. Na3 b6 10. Nc2 Bb7 11. Ne3 Nxe3 12. Bxe3 d4 13. Bf2 dxc3 14. bxc3 b5 15. Bg2 b4 16. 0-0 bxc3 17. Qb3 Nb4 18. Qxc3 Qxd3 19. Rfc1 Rc8 20. Ne1 Qxc3 21. Rxc3 Bd5 22. Nc2 c4 23. Bf1 Nxc2 24. Rxc2 a5 25. Rac1 Ba3 26. Ra1 Bb4 27. Be1 0-0 28. h3 c3 29. Bd3 Rc7 30. Rb1 Rfc8 31. Bf2 Rc6 32. Be3 f6 33. exf6 gxf6 34. Kh2 Rd6 35. h4 Bf3 36. Be2 Bxe2 37. Rxe2 c2 38. Rc1 Rdc6 39. Kh3 Ba3 40. Rce1 c1Q 41. Bxc1 Rxc1 42. Rxc1 Rxc1 43. Rxe6 Kf7 44. Rb6 Rc4 45. Rb5 Rc5 46. Rb3 Bb4 47. g4 Rc3+ 48. Rxc3 Bxc3 49. g5 f5 50. Kg3 Ke6 51. Kh3 Kd5 52. Kg3 Ke4 53. Kh3 Kxf4 54. g6 Ke3 0-1